The Large scale structure of space-time (Record no. 4733)

MARC details
000 -LEADER
fixed length control field 00721nam a2200229Ia 4500
003 - CONTROL NUMBER IDENTIFIER
control field IN-BaIIA
008 - FIXED-LENGTH DATA ELEMENTS--GENERAL INFORMATION
fixed length control field 211028s9999 xx 000 0 eng d
020 ## - INTERNATIONAL STANDARD BOOK NUMBER
International Standard Book Number 0-521-20016-4
040 ## - CATALOGING SOURCE
Transcribing agency IIA Library
080 ## - UNIVERSAL DECIMAL CLASSIFICATION NUMBER
Universal Decimal Classification number 524.834
Item number HAW
100 ## - MAIN ENTRY--PERSONAL NAME
Personal name Hawking, S. W
9 (RLIN) 8408
245 #4 - TITLE STATEMENT
Title The Large scale structure of space-time
Statement of responsibility, etc. S. W. Hawking and G. F. R. Ellis
260 ## - PUBLICATION, DISTRIBUTION, ETC.
Place of publication, distribution, etc. London
Name of publisher, distributor, etc. Cambridge University Press
Date of publication, distribution, etc. 1973
300 ## - PHYSICAL DESCRIPTION
Extent xi, 391p.
490 ## - SERIES STATEMENT
Series statement Cambridge monographs on mathematical physics
650 ## - SUBJECT ADDED ENTRY--TOPICAL TERM
Topical term or geographic name entry element  Cosmology 
9 (RLIN) 8047
650 ## - SUBJECT ADDED ENTRY--TOPICAL TERM
Topical term or geographic name entry element  Large scale structure
9 (RLIN) 8409
650 ## - SUBJECT ADDED ENTRY--TOPICAL TERM
Topical term or geographic name entry element  Space time 
9 (RLIN) 8410
650 ## - SUBJECT ADDED ENTRY--TOPICAL TERM
Topical term or geographic name entry element Astronomy and astrophysics thesaurus 
9 (RLIN) 1143
700 ## - ADDED ENTRY--PERSONAL NAME
Personal name Ellis, G. F. R.
9 (RLIN) 8411
942 ## - ADDED ENTRY ELEMENTS (KOHA)
Koha item type Books
Holdings
Withdrawn status Lost status Damaged status Not for loan Home library Current library Shelving location Date acquired Total Checkouts Total Renewals Full call number Barcode Date last seen Date last checked out Price effective from Koha item type
        IIA Library-Bangalore IIA Library-Bangalore General Stacks 17/06/1975 1 4 524.834/ HAW 5289 24/07/2025 11/02/2023 17/06/1975 Books

Powered by Koha